Informačné správanie a digitálne knižnice. Information Behaviour in Digital Libraries : Medzinárodná konferencia. SÚZA, Bratislava, Slovensko. 21.- 22. máj 2003 /

Uložené v:
Podrobná bibliografia
Ďalší autori: Steinerová, Jela (Zostavovateľ, kompilátor), Šušol, Jaroslav (Zostavovateľ, kompilátor)
Médium: Kniha
Jazyk:Slovak
English
Vydavateľské údaje: Bratislava : Centrum vedecko-technických informácií Slovenskej republiky, 2003
Predmet:
Tagy: Pridať tag
Žiadne tagy, Buďte prvý, kto otaguje tento záznam!

MARC

LEADER 00000nam a22000003a 4500
001 stu80554
005 20150617225637.3
008 030521s2003----xo------------------slo-d
020 |a 80-85165-87-2 
040 |a STU  |b slo 
041 0 |a slo  |a eng 
044 |a xo 
080 |a 02 
080 |a 681.3 
080 |a 061.3(08) 
084 |a C7210  |2 INS 
084 |a C7250  |2 INS 
100 1 |a Steinerová, Jela  |4 com 
245 1 |a Informačné správanie a digitálne knižnice. Information Behaviour in Digital Libraries :  |b Medzinárodná konferencia. SÚZA, Bratislava, Slovensko. 21.- 22. máj 2003 /  |c Zost.: J. Steinerová, J. Šušol 
260 |a Bratislava :  |b Centrum vedecko-technických informácií Slovenskej republiky,  |c 2003 
300 |a 265 s 
650 7 |a digitálne knižnice  |2 stusub 
700 1 |a Šušol, Jaroslav  |4 com 
996 |b 284EZ00267  |c E*Z-832  |l EE0102  |s P  |a 0  |w stu80554_0001